| 000 | 01147nam a22003257a 4500 | ||
|---|---|---|---|
| 001 | 0000010 | ||
| 003 | KOHA_MİRAKIL | ||
| 005 | 20260207001156.0 | ||
| 007 | ta | ||
| 008 | 081212b1999 tu |||gr||||#||||0|tur | | ||
| 020 |
_a9755917926 _c26,69 |
||
| 040 |
_aTR-BiSEU _btur _cTR-BiSEU _erda |
||
| 041 | 0 | _atur | |
| 044 | _ctu | ||
| 050 |
_aTK5102.92 _b.H39 1999 |
||
| 100 | 1 | _aHayes, Monson H.. | |
| 240 | 1 | 0 |
_aSchaum's outline of theory and problems of digital signal processing _lTürkçe |
| 245 | 1 |
_aSayısal işaret işleme : _bteori ve problemlerle = _bSchaum's outline of theory and problems of digital signal processing/ _cMonson H. Hayes ; Monson H. Hayes; çeviren Erhan Akın. |
|
| 264 | 1 |
_aAnkara : _bNobel Yayıncılık _c1999 |
|
| 300 | _a431 sayfa: resimli; 30 cm | ||
| 336 |
_ametin _btxt _2rdacontent |
||
| 337 |
_aaracısız _bn _2rdamedia |
||
| 338 |
_acilt _bnc _2rdacarrier |
||
| 490 | 1 |
_aNobel yayınları ; _v807 |
|
| 500 | _aDizin var. | ||
| 650 | 0 |
_aSinyal işleme--Dijital teknikler--Problemler, aliştirmalar, v.b. _91489 |
|
| 830 | 1 |
_aNobel yayınları ; _v807 _91490 |
|
| 907 | _aDers Kitabı | ||
| 942 |
_2lcc _cBK |
||
| 999 |
_c11 _d11 |
||